<?xml version="1.0" encoding="UTF-8"?>
<record
    xmlns:xsi="http://www.w3.org/2001/XMLSchema-instance"
    xsi:schemaLocation="http://www.loc.gov/MARC21/slim http://www.loc.gov/standards/marcxml/schema/MARC21slim.xsd"
    xmlns="http://www.loc.gov/MARC21/slim">

  <leader>00736nam a22001937a 4500</leader>
  <datafield tag="999" ind1=" " ind2=" ">
    <subfield code="c">193387</subfield>
    <subfield code="d">193387</subfield>
  </datafield>
  <controlfield tag="005">20230823104951.0</controlfield>
  <datafield tag="010" ind1=" " ind2=" ">
    <subfield code="a">ENG-135551</subfield>
  </datafield>
  <datafield tag="020" ind1=" " ind2=" ">
    <subfield code="c">191.00</subfield>
    <subfield code="a">9789380831138</subfield>
  </datafield>
  <datafield tag="035" ind1=" " ind2=" ">
    <subfield code="a">EN-119083</subfield>
  </datafield>
  <datafield tag="037" ind1=" " ind2=" ">
    <subfield code="b">DBAD/PUB</subfield>
  </datafield>
  <datafield tag="082" ind1=" " ind2=" ">
    <subfield code="a">658.4012</subfield>
  </datafield>
  <datafield tag="100" ind1=" " ind2=" ">
    <subfield code="a">prasad, R shiv ram </subfield>
  </datafield>
  <datafield tag="245" ind1=" " ind2=" ">
    <subfield code="a">Strategic Management Text and Cases/</subfield>
    <subfield code="c">By R shiv ram prasad [and] K V S N jawahar babu</subfield>
  </datafield>
  <datafield tag="260" ind1=" " ind2=" ">
    <subfield code="b">studentahelpline publishing house pvt ltd</subfield>
    <subfield code="c">2011</subfield>
    <subfield code="a">Hyderabad</subfield>
  </datafield>
  <datafield tag="270" ind1=" " ind2=" ">
    <subfield code="a">326/c, surneni nilayam, 1st floor, near b k guda park, s.r. nagar,</subfield>
    <subfield code="b">Hyderabad</subfield>
    <subfield code="e">500038</subfield>
    <subfield code="k">914023710657</subfield>
    <subfield code="l">4023810657</subfield>
    <subfield code="m">studenthelpline.in@gmail.com</subfield>
  </datafield>
  <datafield tag="300" ind1=" " ind2=" ">
    <subfield code="a">v.p.</subfield>
    <subfield code="c">24cm(hbk)</subfield>
  </datafield>
  <datafield tag="700" ind1=" " ind2=" ">
    <subfield code="a">Babu, K V S N jawahar</subfield>
    <subfield code="e">author</subfield>
  </datafield>
  <datafield tag="942" ind1=" " ind2=" ">
    <subfield code="2">ddc</subfield>
    <subfield code="c">EN</subfield>
    <subfield code="m">PRA</subfield>
    <subfield code="h">658.4012</subfield>
  </datafield>
  <datafield tag="952" ind1=" " ind2=" ">
    <subfield code="0">0</subfield>
    <subfield code="1">0</subfield>
    <subfield code="4">0</subfield>
    <subfield code="7">0</subfield>
    <subfield code="8">NFIC</subfield>
    <subfield code="a">RKP</subfield>
    <subfield code="b">RKP</subfield>
    <subfield code="d">2022-10-27</subfield>
    <subfield code="e">DBAD/PUB</subfield>
    <subfield code="g">191.00</subfield>
    <subfield code="l">0</subfield>
    <subfield code="o">658.4012 PRA</subfield>
    <subfield code="p">EN-119083</subfield>
    <subfield code="r">2022-10-27 00:00:00</subfield>
    <subfield code="t">1</subfield>
    <subfield code="v">191.00</subfield>
    <subfield code="y">EN</subfield>
  </datafield>
</record>
